00373nam a2200121Ia 4500008004100000041001200041082001500053100003300068245009300101260001800194440000900212650003000221240126s9999 xx 000 0 und d aEnglish aPRCS98-431 aAnand, P. Rao T V, Gururaja. 2aA database management system project report on manufacturing system database.bManjula G bPESIT, B'lore aNULL aManufacturing system data